000 01238cam a22002174a 4500
005 20250605164253.0
008 250528s ||||||||||||||||||||||||d
035 _a21809
020 _a97896033934981
040 _aGR-AtMCL
_bgre
_dGR-AtMCL
_eAACR2
245 1 _aΗ ΨΥΧΟΛΟΓΙΑ ΤΟΥ ΕΦΗΒΟΥ
250 _a1
260 _bΕλληνικά Γράμματα,
_c2001
300 _a503
505 0 _aΒΙΟΣΩΜΑΤΙΚΕΣ ΑΛΛΑΓΕΣ ΣΤΗΝ ΕΦΗΒΕΙΑ ΣΥΝΑΙΣΘΗΜΑΤΙΚΕΣ ΚΑΙ ΚΟΙΝΩΝΙΚΕΣ ΑΛΛΑΓΕΣ ΣΤΗΝ ΕΦΗΒΕΙΑ Η ΚΡΙΣΗ ΤΗΣ ΕΦΗΒΕΙΑΣ ΙΔΙΑΤΕΡΑ ΨΥΧΙΚΑ ΦΑΙΝΟΜΕΝΑ ΣΤΗΝ ΕΦΗΒΕΙΑ ΑΠΟΧΩΡΙΣΜΟΣ ΚΑΙ ΑΥΤΟΝΟΜΗΣΗ ΣΤΗΝ ΕΦΗΒΕΙΑ
520 _aΒΙΟΣΩΜΑΤΙΚΕΣ ΑΛΛΑΓΕΣ ΣΤΗΝ ΕΦΗΒΕΙΑ ΣΥΝΑΙΣΘΗΜΑΤΙΚΕΣ ΚΑΙ ΚΟΙΝΩΝΙΚΕΣ ΑΛΛΑΓΕΣ ΣΤΗΝ ΕΦΗΒΕΙΑ Η ΚΡΙΣΗ ΤΗΣ ΕΦΗΒΕΙΑΣ ΙΔΙΑΤΕΡΑ ΨΥΧΙΚΑ ΦΑΙΝΟΜΕΝΑ ΣΤΗΝ ΕΦΗΒΕΙΑ ΑΠΟΧΩΡΙΣΜΟΣ ΚΑΙ ΑΥΤΟΝΟΜΗΣΗ ΣΤΗΝ ΕΦΗΒΕΙΑ
700 1 _aΚουρκουτας Ηλιας
_97711
942 _cBK
999 _c6868
_d6868